Me trivia. - Statistics

General Stats
  • This quiz has been taken 7 times
  • The average score is 5 of 11
Answer Stats
Hint Answer % Correct
My favorite color Pink
83%
My favorite movie genre action
67%
My favorite flavor of icecream Vanilla
67%
answer: yesthe one above is kinda impossible. yes
67%
My favorite thing to wear (ie. pants, skirt, dress) Skirt
50%
My first dogs name (Starts: V , Ends: nie) Vinnie
50%
My favorite fast food restaurant Wendys
50%
My favorite book genre mystery
33%
My favorite animal Bearcat
17%
My favorite big shoe brand Fila
17%
Childhood nickname (Hint in photo) Shortcake
17%
No matching quizzes found
Score Distribution
Percent of People with Each Score
Percentile by Number Answered
Your Score History
You have not taken this quiz